| 000 | 00341nam a2200109Ia 4500 | ||
|---|---|---|---|
| 008 | 171204s9999 xx 000 0 und d | ||
| 245 | _aPomegranate Production and Marketing: | ||
| 245 | _cIbrahim Kahramanoglu and Serhat Usanmaz | ||
| 260 | _c2016 | ||
| 650 | _xPRINCIPLES OF MARKETING | ||
| 856 | _uhttp://down.ebook777.com/043/1498768504.pdf | ||
| 999 |
_c345761 _d345761 |
||